<?xml version="1.0" encoding="UTF-8"?>
<record
    xmlns:xsi="http://www.w3.org/2001/XMLSchema-instance"
    xsi:schemaLocation="http://www.loc.gov/MARC21/slim http://www.loc.gov/standards/marcxml/schema/MARC21slim.xsd"
    xmlns="http://www.loc.gov/MARC21/slim">

  <leader>03528nam a22001937a 4500</leader>
  <controlfield tag="003">OSt</controlfield>
  <controlfield tag="005">20220719145550.0</controlfield>
  <controlfield tag="008">190723b        xxu||||| |||| 00| 0 eng d</controlfield>
  <datafield tag="020" ind1=" " ind2=" ">
    <subfield code="a">9789988252663</subfield>
  </datafield>
  <datafield tag="040" ind1=" " ind2=" ">
    <subfield code="c">LC</subfield>
  </datafield>
  <datafield tag="050" ind1=" " ind2=" ">
    <subfield code="a">REF</subfield>
  </datafield>
  <datafield tag="100" ind1=" " ind2=" ">
    <subfield code="a">Ahwireng-Obeng, Frederica</subfield>
  </datafield>
  <datafield tag="245" ind1=" " ind2=" ">
    <subfield code="a">At a glance!: the A.B.C. of administrative law and administrative justice in Ghana. /</subfield>
  </datafield>
  <datafield tag="260" ind1=" " ind2=" ">
    <subfield code="a">Accra:</subfield>
    <subfield code="b">Typewell Ventures,</subfield>
    <subfield code="c">2015.</subfield>
  </datafield>
  <datafield tag="300" ind1=" " ind2=" ">
    <subfield code="a">iv, 212p. :</subfield>
    <subfield code="c">21 cm.</subfield>
  </datafield>
  <datafield tag="505" ind1=" " ind2=" ">
    <subfield code="a">Contents: Introduction -- Definition of administrative -- Scope of administrative law -- Objectives of administrative law -- Administrative bodies and officials -- Article 58(1) -- Article 58(2) -- Article 125(3) -- Examples of administrative bodies -- Administrative law v constitutional law -- Administrative justice -- Article 23 -- How to exercise discretion -- Article 296 -- Rules of natural justice -- Definition -- Audi Alteram Partem -- Finality clauses -- The right to be heard -- Queries -- The courts and the rule -- Article 19 1 -- Article 19(2) -- Article 19(13) -- Article 132 -- Exceptions to the rule -- Formal trial not required at all times -- Article 12(2) -- Public interest -- National security -- Justifiable non-compliance -- Where purpose will be defeated --  Non-disclosure of information -- Practicalities -- Written submissions -- Nemo Judex rule -- Definition -- Proof of bias -- Degree of suspicion -- Types of bias -- Pecuniary interest -- Interest in case   -- Previous  involvement -- Friendship and animosity --Expression of opinion -- Exceptions to the rule -- No substitute -- Delegated legislation -- Definition -- Examples of delegated legislation -- Delegatus non protest delegare -- Justification for delegated legislation -- Efficiency -- Lack of time -- Emergencies -- Lack of review -- Law made by non-parliamentarians -- Lack of adequate control -- Judicial review -- Infringement on separation of powers doctrine -- Less satisfactory drafting -- Judicial review -- Definition -- Characteristics -- Personal interest judicial review -- Time to apply -- Judicial reviews v appeals -- Ultra vires -- Grounds for judicial review -- Failure to comply with procedural requirements -- Exceeding powers -- Using power for the wrong purpose -- Exercising power at the wrong time -- Relevant and irrelevant factors -- Failure to comply with rules of natural justice -- Improper motive -- Error of law -- Error of fact -- Onerous conditions -- Acting in bad faith -- Fettering discretion -- Unauthorized discretion -- Subdelegatio of judicial and disciplinary powers -- Illegality, irrationality, procedural impropriety -- Illegality -- Irrationality -- Procedural impropriety -- Remedies -- Article 33 -- Habeas corpus -- Certiorari -- Prohibition -- Mandamus -- Declarations -- Quo Warranto -- Damages -- First school of thought -- The second school of thought -- Conclusions on damages -- Commissions of inquiry -- Definition -- Purpose of commissions of inquiry -- Appointment of members -- Qualifications of members -- Where to conduct inquiry -- Status of commissions -- Receipt of report by president -- Effect of findings -- Right of appeal - Impact of adverse findings -- Article 94(2) - Article 94(5) -- Judicial review -- Legal representation -- Conclusions -- CHRAJ -- Justification -- Functions of CHRAJ -- Powers of CHRAJ  -- Membership -- Conclusions. </subfield>
  </datafield>
  <datafield tag="653" ind1=" " ind2=" ">
    <subfield code="a">	 Administrative law -- Ghana. </subfield>
    <subfield code="a">Administrative procedure -- Ghana. </subfield>
    <subfield code="a">Judicial review of administrative acts -- Ghana.</subfield>
  </datafield>
  <datafield tag="942" ind1=" " ind2=" ">
    <subfield code="2">lcc</subfield>
    <subfield code="c">BK</subfield>
  </datafield>
  <datafield tag="999" ind1=" " ind2=" ">
    <subfield code="c">6798</subfield>
    <subfield code="d">14298</subfield>
  </datafield>
  <datafield tag="952" ind1=" " ind2=" ">
    <subfield code="0">0</subfield>
    <subfield code="1">0</subfield>
    <subfield code="2">lcc</subfield>
    <subfield code="4">0</subfield>
    <subfield code="7">0</subfield>
    <subfield code="a">WIUC-1</subfield>
    <subfield code="b">WIUC-1</subfield>
    <subfield code="c">LL</subfield>
    <subfield code="d">2019-07-24</subfield>
    <subfield code="o">KRX2450.A94</subfield>
    <subfield code="p">2653/003/19</subfield>
    <subfield code="r">2019-07-24 00:00:00</subfield>
    <subfield code="t">1</subfield>
    <subfield code="w">2019-07-24</subfield>
    <subfield code="y">BK</subfield>
  </datafield>
  <datafield tag="952" ind1=" " ind2=" ">
    <subfield code="0">0</subfield>
    <subfield code="1">0</subfield>
    <subfield code="2">lcc</subfield>
    <subfield code="4">0</subfield>
    <subfield code="7">0</subfield>
    <subfield code="a">WIUC-1</subfield>
    <subfield code="b">WIUC-1</subfield>
    <subfield code="c">LL</subfield>
    <subfield code="d">2019-07-24</subfield>
    <subfield code="o">KRX2450.A941</subfield>
    <subfield code="p">2654/004/19</subfield>
    <subfield code="r">2019-07-24 00:00:00</subfield>
    <subfield code="t">2</subfield>
    <subfield code="w">2019-07-24</subfield>
    <subfield code="y">BK</subfield>
  </datafield>
  <datafield tag="952" ind1=" " ind2=" ">
    <subfield code="0">0</subfield>
    <subfield code="1">0</subfield>
    <subfield code="2">lcc</subfield>
    <subfield code="4">0</subfield>
    <subfield code="7">0</subfield>
    <subfield code="a">WIUC-KL</subfield>
    <subfield code="b">WIUC-KL</subfield>
    <subfield code="c">LL</subfield>
    <subfield code="d">2019-08-21</subfield>
    <subfield code="o">KRX2450.A94</subfield>
    <subfield code="p">KSL/073/19</subfield>
    <subfield code="r">2021-05-26 00:00:00</subfield>
    <subfield code="t">1</subfield>
    <subfield code="w">2021-05-26</subfield>
    <subfield code="y">BK</subfield>
  </datafield>
  <datafield tag="952" ind1=" " ind2=" ">
    <subfield code="0">0</subfield>
    <subfield code="1">0</subfield>
    <subfield code="2">lcc</subfield>
    <subfield code="4">0</subfield>
    <subfield code="7">0</subfield>
    <subfield code="a">WIUC-KL</subfield>
    <subfield code="b">WIUC-KL</subfield>
    <subfield code="c">LL</subfield>
    <subfield code="d">2019-08-21</subfield>
    <subfield code="l">0</subfield>
    <subfield code="o">KRX2450.A941</subfield>
    <subfield code="p">KSL/074/19</subfield>
    <subfield code="r">2021-05-26 00:00:00</subfield>
    <subfield code="t">2</subfield>
    <subfield code="w">2021-05-26</subfield>
    <subfield code="y">BK</subfield>
  </datafield>
  <datafield tag="952" ind1=" " ind2=" ">
    <subfield code="0">0</subfield>
    <subfield code="1">0</subfield>
    <subfield code="2">lcc</subfield>
    <subfield code="4">0</subfield>
    <subfield code="7">0</subfield>
    <subfield code="a">WIUC-1</subfield>
    <subfield code="b">WIUC-1</subfield>
    <subfield code="c">LL</subfield>
    <subfield code="d">2022-02-16</subfield>
    <subfield code="l">0</subfield>
    <subfield code="o">KRX2450.A942</subfield>
    <subfield code="p">2822/038/22</subfield>
    <subfield code="r">2022-02-16 00:00:00</subfield>
    <subfield code="t">3</subfield>
    <subfield code="w">2022-02-16</subfield>
    <subfield code="y">BK</subfield>
  </datafield>
  <datafield tag="952" ind1=" " ind2=" ">
    <subfield code="0">0</subfield>
    <subfield code="1">0</subfield>
    <subfield code="2">lcc</subfield>
    <subfield code="4">0</subfield>
    <subfield code="7">0</subfield>
    <subfield code="a">WIUC-1</subfield>
    <subfield code="b">WIUC-1</subfield>
    <subfield code="c">LL</subfield>
    <subfield code="d">2022-02-16</subfield>
    <subfield code="l">0</subfield>
    <subfield code="o">KRX2450.A943</subfield>
    <subfield code="p">2823/039/22</subfield>
    <subfield code="r">2022-02-16 00:00:00</subfield>
    <subfield code="t">4</subfield>
    <subfield code="w">2022-02-16</subfield>
    <subfield code="y">BK</subfield>
  </datafield>
  <datafield tag="952" ind1=" " ind2=" ">
    <subfield code="0">0</subfield>
    <subfield code="1">0</subfield>
    <subfield code="2">lcc</subfield>
    <subfield code="4">0</subfield>
    <subfield code="7">0</subfield>
    <subfield code="a">WIUC-1</subfield>
    <subfield code="b">WIUC-1</subfield>
    <subfield code="c">LL</subfield>
    <subfield code="d">2022-02-16</subfield>
    <subfield code="l">0</subfield>
    <subfield code="o">KRX2450.A944</subfield>
    <subfield code="p">2824/040/22</subfield>
    <subfield code="r">2022-02-16 00:00:00</subfield>
    <subfield code="t">5</subfield>
    <subfield code="w">2022-02-16</subfield>
    <subfield code="y">BK</subfield>
  </datafield>
  <datafield tag="952" ind1=" " ind2=" ">
    <subfield code="0">0</subfield>
    <subfield code="1">0</subfield>
    <subfield code="2">lcc</subfield>
    <subfield code="4">0</subfield>
    <subfield code="7">0</subfield>
    <subfield code="a">WIUC-1</subfield>
    <subfield code="b">WIUC-1</subfield>
    <subfield code="c">LL</subfield>
    <subfield code="d">2022-02-16</subfield>
    <subfield code="l">0</subfield>
    <subfield code="o">KRX2450.A945</subfield>
    <subfield code="p">2825/041/22</subfield>
    <subfield code="r">2022-02-16 00:00:00</subfield>
    <subfield code="t">6</subfield>
    <subfield code="w">2022-02-16</subfield>
    <subfield code="y">BK</subfield>
  </datafield>
  <datafield tag="952" ind1=" " ind2=" ">
    <subfield code="0">0</subfield>
    <subfield code="1">0</subfield>
    <subfield code="2">lcc</subfield>
    <subfield code="4">0</subfield>
    <subfield code="7">0</subfield>
    <subfield code="a">WIUC-1</subfield>
    <subfield code="b">WIUC-1</subfield>
    <subfield code="c">LL</subfield>
    <subfield code="d">2022-02-16</subfield>
    <subfield code="l">0</subfield>
    <subfield code="o">KRX2450.A946</subfield>
    <subfield code="p">2826/042/22</subfield>
    <subfield code="r">2022-02-16 00:00:00</subfield>
    <subfield code="t">7</subfield>
    <subfield code="w">2022-02-16</subfield>
    <subfield code="y">BK</subfield>
  </datafield>
</record>
